Загрузка...
Combinatorics, Geometry and Probability: A tribute to Paul Erdos /
| Другие авторы: | |
|---|---|
| Формат: | Printed Book |
| Язык: | English |
| Опубликовано: |
U.K :
CUP,
1997.
|
| LEADER | 00493nam a2200133Ia 4500 | ||
|---|---|---|---|
| 008 | 150624b xxu||||| |||| 00| 0 eng d | ||
| 082 | |a 511.6 | ||
| 245 | |a Combinatorics, Geometry and Probability: |b A tribute to Paul Erdos / | ||
| 260 | |a U.K : |b CUP, |c 1997. | ||
| 300 | |a 562 p. | ||
| 700 | |a Bollobas, Bela, Ed ;. Thomson, Andrew |e editor. | ||
| 942 | |c TXT | ||
| 999 | |c 50653 |d 50653 | ||
| 952 | |0 0 |1 0 |4 0 |6 511_600000000000000_BOL_C |7 0 |9 50631 |a UL |b UL |c ST1 |d 2012-10-27 |l 0 |o 511.6 BOL/C |p 73333 |r 2012-10-27 |w 2012-10-27 |y TXT | ||